000 00447nam a2200205Ia 4500
001 12715
003 GE_BSU
008 181216s||||||||xx |||||||||||||| ||und||
020 _a9780755371181
040 _cGE_BSU
080 _a821.111-312.4
100 _aRose,Karen
245 _aHave You Seen Her?
260 _aGreat Britain
260 _bHeadline
260 _c2009
300 _a502p.20cm.
653 _aHave You Seen Her?
942 _cBK
999 _c45886
_d45886